An introduction to sociology /

Bibliographic Details
Main Author: Groves, Ernest R. (Ernest Rutherford), 1877-1946
Other Authors: Moore, Harry E. (Harry Estill)
Format: Book
Language:English
Published: New York, London [etc.] : Longmans, Green and co., 1941.
Subjects:

MARC

Tag First Indicator Second Indicator Subfields
LEADER 00000cam a2200000 4500
001 in00000065602
005 20151007083505.0
008 800429s19411928nyuab b 00010 eng d
010 |a  40011194  
035 |a (OCoLC)06257133 
035 |9 AAF9444AM 
040 |a TXA  |c TXA  |d UtOrBLW 
049 |a TXAM  |c [117261] 
090 |a HM66  |b .G752 1941 
092 |a 301  |b G884i 
100 1 |a Groves, Ernest R.  |q (Ernest Rutherford),  |d 1877-1946. 
245 1 3 |a An introduction to sociology /  |c by Ernest R. Groves and Harry Estill Moore. 
264 1 |a New York,  |a London [etc.] :  |b Longmans, Green and co.,  |c 1941. 
300 |a viii pages, 1 ., 737 pages :  |b illustrations (map) diagram ;  |c 22 cm. 
336 |a text  |b txt  |2 rdacontent 
337 |a unmediated  |b n  |2 rdamedia 
338 |a volume  |b nc  |2 rdacarrier 
500 |a "A new work based upon Ernest R. Groves' An introduction to sociology first published in 1928 and revised in 1932."--Pref. 
504 |a "References" at end of each chapter. 
650 0 |a Sociology. 
700 1 |a Moore, Harry E.  |q (Harry Estill) 
999 |a MARS 
999 f f |s 1ee74598-a001-3a7d-90c0-e02216485bd8  |i 84fb3de5-92a4-3621-b6e1-017ffa8d3750  |t 0 
952 f f |p ric  |a Texas A&M University  |b Rellis Campus  |c Joint Library Facility  |d Remote Storage  |t 0  |e HM66 .G752 1941  |h Library of Congress classification  |i unmediated -- volume  |m A14800632325 
998 f f |a HM66 .G752 1941  |t 0  |l Remote Storage